<?xml version="1.0" encoding="UTF-8"?>
<record
    xmlns:xsi="http://www.w3.org/2001/XMLSchema-instance"
    xsi:schemaLocation="http://www.loc.gov/MARC21/slim http://www.loc.gov/standards/marcxml/schema/MARC21slim.xsd"
    xmlns="http://www.loc.gov/MARC21/slim">

  <leader>00612nam a22001937a 4500</leader>
  <datafield tag="999" ind1=" " ind2=" ">
    <subfield code="c">175784</subfield>
    <subfield code="d">175784</subfield>
  </datafield>
  <controlfield tag="005">20201006112015.0</controlfield>
  <datafield tag="010" ind1=" " ind2=" ">
    <subfield code="a">B-736348-360</subfield>
  </datafield>
  <datafield tag="020" ind1=" " ind2=" ">
    <subfield code="a">9789382665496</subfield>
    <subfield code="c">175.00</subfield>
  </datafield>
  <datafield tag="035" ind1=" " ind2=" ">
    <subfield code="a">B-736348-360</subfield>
  </datafield>
  <datafield tag="037" ind1=" " ind2=" ">
    <subfield code="b">Srishti Publishers</subfield>
  </datafield>
  <datafield tag="082" ind1=" " ind2=" ">
    <subfield code="a">N</subfield>
  </datafield>
  <datafield tag="100" ind1=" " ind2=" ">
    <subfield code="a">Gupta, Namrata</subfield>
  </datafield>
  <datafield tag="245" ind1=" " ind2=" ">
    <subfield code="a">A silent promise / </subfield>
    <subfield code="c">by Namrata Gupta</subfield>
  </datafield>
  <datafield tag="260" ind1=" " ind2=" ">
    <subfield code="a">New Delhi</subfield>
    <subfield code="b">Srishti Publishers</subfield>
    <subfield code="c">2015</subfield>
  </datafield>
  <datafield tag="270" ind1=" " ind2=" ">
    <subfield code="a">N-16, C.R. Park</subfield>
    <subfield code="b">New Delhi</subfield>
    <subfield code="e">110019</subfield>
  </datafield>
  <datafield tag="300" ind1=" " ind2=" ">
    <subfield code="a">162p.</subfield>
    <subfield code="c">19cm(pbk)</subfield>
  </datafield>
  <datafield tag="942" ind1=" " ind2=" ">
    <subfield code="2">ddc</subfield>
    <subfield code="c">EN</subfield>
    <subfield code="h">N</subfield>
    <subfield code="m">GUP</subfield>
  </datafield>
  <datafield tag="952" ind1=" " ind2=" ">
    <subfield code="0">0</subfield>
    <subfield code="1">0</subfield>
    <subfield code="4">0</subfield>
    <subfield code="7">0</subfield>
    <subfield code="8">FIC</subfield>
    <subfield code="a">L</subfield>
    <subfield code="b">L</subfield>
    <subfield code="d">2020-10-06</subfield>
    <subfield code="e">Gift/Eng/17-09-2020</subfield>
    <subfield code="g">175.00</subfield>
    <subfield code="l">20</subfield>
    <subfield code="m">14</subfield>
    <subfield code="o">N GUP</subfield>
    <subfield code="p">B-736348</subfield>
    <subfield code="r">2026-02-27 00:00:00</subfield>
    <subfield code="s">2026-02-07</subfield>
    <subfield code="t">1</subfield>
    <subfield code="v">175.00</subfield>
    <subfield code="w">2020-10-06</subfield>
    <subfield code="y">EN</subfield>
  </datafield>
  <datafield tag="952" ind1=" " ind2=" ">
    <subfield code="0">0</subfield>
    <subfield code="1">0</subfield>
    <subfield code="4">0</subfield>
    <subfield code="7">0</subfield>
    <subfield code="8">FIC</subfield>
    <subfield code="a">AV</subfield>
    <subfield code="b">AV</subfield>
    <subfield code="d">2020-10-06</subfield>
    <subfield code="e">Gift/Eng/17-09-2020</subfield>
    <subfield code="g">175.00</subfield>
    <subfield code="l">22</subfield>
    <subfield code="m">11</subfield>
    <subfield code="o">N GUP</subfield>
    <subfield code="p">B-736349</subfield>
    <subfield code="r">2026-06-01 12:26:47</subfield>
    <subfield code="s">2026-05-21</subfield>
    <subfield code="t">1</subfield>
    <subfield code="v">175.00</subfield>
    <subfield code="y">EN</subfield>
  </datafield>
  <datafield tag="952" ind1=" " ind2=" ">
    <subfield code="0">0</subfield>
    <subfield code="1">0</subfield>
    <subfield code="4">0</subfield>
    <subfield code="7">0</subfield>
    <subfield code="8">FIC</subfield>
    <subfield code="a">BL1</subfield>
    <subfield code="b">BL1</subfield>
    <subfield code="d">2020-10-06</subfield>
    <subfield code="e">Gift/Eng/17-09-2020</subfield>
    <subfield code="g">175.00</subfield>
    <subfield code="l">12</subfield>
    <subfield code="m">3</subfield>
    <subfield code="o">N GUP</subfield>
    <subfield code="p">B-736350</subfield>
    <subfield code="r">2025-08-21 00:00:00</subfield>
    <subfield code="s">2025-08-07</subfield>
    <subfield code="t">1</subfield>
    <subfield code="v">175.00</subfield>
    <subfield code="y">EN</subfield>
  </datafield>
  <datafield tag="952" ind1=" " ind2=" ">
    <subfield code="0">0</subfield>
    <subfield code="1">0</subfield>
    <subfield code="4">0</subfield>
    <subfield code="7">0</subfield>
    <subfield code="8">FIC</subfield>
    <subfield code="a">KGM</subfield>
    <subfield code="b">KGM</subfield>
    <subfield code="d">2020-10-06</subfield>
    <subfield code="e">Gift/Eng/17-09-2020</subfield>
    <subfield code="g">175.00</subfield>
    <subfield code="l">4</subfield>
    <subfield code="m">1</subfield>
    <subfield code="o">N GUP</subfield>
    <subfield code="p">B-736351</subfield>
    <subfield code="r">2025-10-07 00:00:00</subfield>
    <subfield code="s">2025-10-01</subfield>
    <subfield code="t">1</subfield>
    <subfield code="v">175.00</subfield>
    <subfield code="y">EN</subfield>
  </datafield>
  <datafield tag="952" ind1=" " ind2=" ">
    <subfield code="0">0</subfield>
    <subfield code="1">0</subfield>
    <subfield code="4">0</subfield>
    <subfield code="7">0</subfield>
    <subfield code="8">FIC</subfield>
    <subfield code="a">TN</subfield>
    <subfield code="b">TN</subfield>
    <subfield code="d">2020-10-06</subfield>
    <subfield code="e">Gift/Eng/17-09-2020</subfield>
    <subfield code="g">175.00</subfield>
    <subfield code="l">1</subfield>
    <subfield code="o">N GUP</subfield>
    <subfield code="p">B-736352</subfield>
    <subfield code="q">2022-04-18</subfield>
    <subfield code="r">2022-04-04 00:00:00</subfield>
    <subfield code="s">2022-04-04</subfield>
    <subfield code="t">1</subfield>
    <subfield code="v">175.00</subfield>
    <subfield code="y">EN</subfield>
  </datafield>
  <datafield tag="952" ind1=" " ind2=" ">
    <subfield code="0">0</subfield>
    <subfield code="1">0</subfield>
    <subfield code="4">0</subfield>
    <subfield code="7">0</subfield>
    <subfield code="8">FIC</subfield>
    <subfield code="a">JP</subfield>
    <subfield code="b">JP</subfield>
    <subfield code="d">2020-10-06</subfield>
    <subfield code="e">Gift/Eng/17-09-2020</subfield>
    <subfield code="g">175.00</subfield>
    <subfield code="l">30</subfield>
    <subfield code="m">20</subfield>
    <subfield code="o">N GUP</subfield>
    <subfield code="p">B-736353</subfield>
    <subfield code="r">2025-10-21 00:00:00</subfield>
    <subfield code="s">2025-09-24</subfield>
    <subfield code="t">1</subfield>
    <subfield code="v">175.00</subfield>
    <subfield code="y">EN</subfield>
  </datafield>
  <datafield tag="952" ind1=" " ind2=" ">
    <subfield code="0">0</subfield>
    <subfield code="1">0</subfield>
    <subfield code="4">0</subfield>
    <subfield code="7">0</subfield>
    <subfield code="8">FIC</subfield>
    <subfield code="a">ZLS</subfield>
    <subfield code="b">ZLS</subfield>
    <subfield code="d">2020-10-06</subfield>
    <subfield code="e">Gift/Eng/17-09-2020</subfield>
    <subfield code="g">175.00</subfield>
    <subfield code="l">27</subfield>
    <subfield code="m">13</subfield>
    <subfield code="o">N GUP</subfield>
    <subfield code="p">B-736354</subfield>
    <subfield code="q">2026-06-13</subfield>
    <subfield code="r">2026-05-30 12:28:12</subfield>
    <subfield code="s">2026-05-30</subfield>
    <subfield code="t">1</subfield>
    <subfield code="v">175.00</subfield>
    <subfield code="y">EN</subfield>
  </datafield>
  <datafield tag="952" ind1=" " ind2=" ">
    <subfield code="0">0</subfield>
    <subfield code="1">0</subfield>
    <subfield code="4">0</subfield>
    <subfield code="7">0</subfield>
    <subfield code="8">FIC</subfield>
    <subfield code="a">RKP</subfield>
    <subfield code="b">RKP</subfield>
    <subfield code="d">2020-10-06</subfield>
    <subfield code="e">Gift/Eng/17-09-2020</subfield>
    <subfield code="g">175.00</subfield>
    <subfield code="l">0</subfield>
    <subfield code="o">N GUP</subfield>
    <subfield code="p">B-736355</subfield>
    <subfield code="r">2020-10-06 00:00:00</subfield>
    <subfield code="t">1</subfield>
    <subfield code="v">175.00</subfield>
    <subfield code="y">EN</subfield>
  </datafield>
  <datafield tag="952" ind1=" " ind2=" ">
    <subfield code="0">0</subfield>
    <subfield code="1">0</subfield>
    <subfield code="4">0</subfield>
    <subfield code="7">0</subfield>
    <subfield code="8">FIC</subfield>
    <subfield code="a">VP</subfield>
    <subfield code="b">VP</subfield>
    <subfield code="d">2020-10-06</subfield>
    <subfield code="e">Gift/Eng/17-09-2020</subfield>
    <subfield code="g">175.00</subfield>
    <subfield code="l">7</subfield>
    <subfield code="m">2</subfield>
    <subfield code="o">N GUP</subfield>
    <subfield code="p">B-736356</subfield>
    <subfield code="r">2024-07-05 00:00:00</subfield>
    <subfield code="s">2024-06-25</subfield>
    <subfield code="t">1</subfield>
    <subfield code="v">175.00</subfield>
    <subfield code="y">EN</subfield>
  </datafield>
  <datafield tag="952" ind1=" " ind2=" ">
    <subfield code="0">0</subfield>
    <subfield code="1">0</subfield>
    <subfield code="4">0</subfield>
    <subfield code="7">0</subfield>
    <subfield code="8">FIC</subfield>
    <subfield code="a">NR</subfield>
    <subfield code="b">NR</subfield>
    <subfield code="d">2020-10-06</subfield>
    <subfield code="e">Gift/Eng/17-09-2020</subfield>
    <subfield code="g">175.00</subfield>
    <subfield code="l">0</subfield>
    <subfield code="o">N GUP</subfield>
    <subfield code="p">B-736357</subfield>
    <subfield code="r">2020-10-06 00:00:00</subfield>
    <subfield code="t">1</subfield>
    <subfield code="v">175.00</subfield>
    <subfield code="y">EN</subfield>
  </datafield>
  <datafield tag="952" ind1=" " ind2=" ">
    <subfield code="0">0</subfield>
    <subfield code="1">0</subfield>
    <subfield code="4">0</subfield>
    <subfield code="7">0</subfield>
    <subfield code="8">FIC</subfield>
    <subfield code="a">BN</subfield>
    <subfield code="b">BN</subfield>
    <subfield code="d">2020-10-06</subfield>
    <subfield code="e">Gift/Eng/17-09-2020</subfield>
    <subfield code="g">175.00</subfield>
    <subfield code="l">11</subfield>
    <subfield code="m">1</subfield>
    <subfield code="o">N GUP</subfield>
    <subfield code="p">B-736358</subfield>
    <subfield code="r">2023-10-25 00:00:00</subfield>
    <subfield code="s">2023-10-23</subfield>
    <subfield code="t">1</subfield>
    <subfield code="v">175.00</subfield>
    <subfield code="y">EN</subfield>
  </datafield>
  <datafield tag="952" ind1=" " ind2=" ">
    <subfield code="0">0</subfield>
    <subfield code="1">0</subfield>
    <subfield code="4">0</subfield>
    <subfield code="7">0</subfield>
    <subfield code="8">FIC</subfield>
    <subfield code="a">MP</subfield>
    <subfield code="b">MP</subfield>
    <subfield code="d">2020-10-06</subfield>
    <subfield code="e">Gift/Eng/17-09-2020</subfield>
    <subfield code="g">175.00</subfield>
    <subfield code="l">0</subfield>
    <subfield code="o">N GUP</subfield>
    <subfield code="p">B-736359</subfield>
    <subfield code="r">2020-10-06 00:00:00</subfield>
    <subfield code="t">1</subfield>
    <subfield code="v">175.00</subfield>
    <subfield code="y">EN</subfield>
  </datafield>
  <datafield tag="952" ind1=" " ind2=" ">
    <subfield code="0">0</subfield>
    <subfield code="1">0</subfield>
    <subfield code="4">0</subfield>
    <subfield code="7">0</subfield>
    <subfield code="8">FIC</subfield>
    <subfield code="a">BL4</subfield>
    <subfield code="b">BL4</subfield>
    <subfield code="d">2020-10-06</subfield>
    <subfield code="e">Gift/Eng/17-09-2020</subfield>
    <subfield code="g">175.00</subfield>
    <subfield code="l">22</subfield>
    <subfield code="m">11</subfield>
    <subfield code="o">N GUP</subfield>
    <subfield code="p">B-736360</subfield>
    <subfield code="r">2024-11-06 00:00:00</subfield>
    <subfield code="s">2024-10-28</subfield>
    <subfield code="t">1</subfield>
    <subfield code="v">175.00</subfield>
    <subfield code="y">EN</subfield>
  </datafield>
</record>
